000 00587nam a2200217Ia 4500
003 OSt
005 20220926040617.0
006 a|||||r|||| 00| 0
007 ta
008 220923b |||||||| |||| 00| 0 eng d
037 _cGeneral Book
040 _aRTL
_cRTL
_beng
041 _2eng
_aeng
082 _aX:9-8, K4
100 _aFord Guy B.
_9343849
245 0 _aBuilding a winning employee team
490 _aAmerican Management Association handbook
650 _aLabour Economics
_921364
942 _hX:9-8, K4
_cGB
_2CC
999 _c665206
_d665206